Statistics for Countries earning most from tourism

Click here to take the quiz!

General Stats

  • This quiz has been taken 280 times
  • The average score is 9 of 10

Answer Stats

Billion dollars Answer % Correct
139.6United States
100%
56.1France
99%
51.7China
95%
60.4Spain
94%
43.9Italy
94%
41.2Germany
93%
40.6United Kingdom
90%
30.9Australia
79%
42.1Thailand
67%
27.9Turkey
64%

Score Distribution

Percentile by Number Answered

Percent of People with Each Score

Your Score History

You have not taken this quiz